| 000 | 00497cam a2200169 a 4500 | ||
|---|---|---|---|
| 001 | 000000928 | ||
| 005 | 20200929145438.0 | ||
| 008 | 851228s1955 gw 000 0 ger d | ||
| 010 | _a 50026621 | ||
| 040 |
_aDO-SdBNP _bspa _cBNPHU |
||
| 082 |
_a830 _bB829k |
||
| 100 | 1 |
_aBrecht, Von Bertolt, _d1898-1956. _93273 |
|
| 245 | 1 | 0 |
_aKalendergeschichten / _cVon Bertolt Brecht. |
| 260 |
_aBerlin : _bRo Ro Ro Rowohlt, _c[1955 ?]. |
||
| 300 |
_a142, [16] p. ; _c19 cm. |
||
| 650 | 4 |
_aLiteratura alemana _93274 |
|
| 999 |
_c919 _d919 |
||